| 000 | 00564nam a22001337a 4500 | ||
|---|---|---|---|
| 040 | _cRUA | ||
| 082 | _aAGR ON 2011 B048 Or.1 | ||
| 100 | _aON SEYHA | ||
| 245 | _aPesticide utilizeration on vegetables in saang district, kadal province,(ការប្រើប្រាស់ថ្នំាកសិកម្មលើដំណាំនប្លែនៅស្រុកស្អាង) | ||
| 260 |
_aphnom penh _bRUA _c2011 |
||
| 300 |
_axv, 52p. _cill. |
||
| 856 | _uhttps://drive.google.com/file/d/14e40ImSZJoh97gRrSguvuAzyx3mncQJJ/view?usp=sharing | ||
| 942 | _cAGR | ||
| 999 |
_c1137 _d1137 |
||